Library Logo

Pioneer International University Library Catalogue

Kifo cha Mwalimu (Record no. 9265)

MARC details
000 -LEADER
fixed length control field 00349nam a22001337a 4500
005 - DATE AND TIME OF LATEST TRANSACTION
control field 20250901165804.0
008 - FIXED-LENGTH DATA ELEMENTS--GENERAL INFORMATION
fixed length control field 250320b |||||||| |||| 00| 0 eng d
020 ## - INTERNATIONAL STANDARD BOOK NUMBER
International Standard Book Number 9789966228703
050 ## - LIBRARY OF CONGRESS CALL NUMBER
Classification number PL 8704 .M83 2011
245 ## - TITLE STATEMENT
Title Kifo cha Mwalimu
Statement of responsibility, etc. Anduvate Mwavali
260 ## - PUBLICATION, DISTRIBUTION, ETC.
Place of publication, distribution, etc. Nairobi :
Name of publisher, distributor, etc. JKF,
Date of publication, distribution, etc. 2011
300 ## - PHYSICAL DESCRIPTION
Extent vii, 332 pages:
Dimensions 18 cm.
942 ## - ADDED ENTRY ELEMENTS (KOHA)
Source of classification or shelving scheme Library of Congress Classification
Holdings
Withdrawn status Lost status Source of classification or shelving scheme Damaged status Not for loan Collection Home library Current library Shelving location Date acquired Total checkouts Full call number Barcode Date last seen Date last checked out Copy number Price effective from Koha item type Date due
    Library of Congress Classification       Main Library PIU Library   03/20/2025 1 PL 8704 .M83 2011 PIUD0000133 04/15/2026 03/24/2026 1 03/20/2025 Books  
    Library of Congress Classification       Main Library PIU Library   03/20/2025 1 PL 8704 .M83 2011 PIUD0000134 04/16/2026 03/24/2026 2 03/20/2025 Books  
    Library of Congress Classification       Main Library PIU Library   03/20/2025 1 PL 8704 .M83 2011 PIUD0000508 03/24/2026 03/24/2026 3 03/20/2025 Books 03/24/2026
    Library of Congress Classification       Main Library PIU Library   03/20/2025 2 PL 8704 .M83 2011 PIUD0000509 04/07/2026 03/24/2026 4 03/20/2025 Books